000 00503nam a2200181Ia 4500
001 4582
005 20260306145806.0
008 260306t2016||||xx |||||||||||||| ||spa||
041 _aESP
082 _a325.4510985
_bG95
100 _aGutiérrez Rivas, Julissa
_eAUT
245 0 _aEchando raíces en suelo fértil:
_blos inmigrantes chinos en la costa norte del Perú (1876-1940)
260 _c2016
300 _a283 páginas :
_c22 cm.
650 _aGEN
654 _aCHU
942 _cLIB
_dJUS
_fJUS
_2ddc
_n
999 _c4582
_d4582